Statistiken für Alle Bahnhöfe im VRR

Klicken Sie hier um das Quiz zu spielen!

Allgemein

  • Dieses Quiz wurde 23 mal gespielt
  • Das Durchschnittsergebnis liegt bei 113 aus 296

Antwortstatistiken

Antwort% Korrekt
Bochum Hauptbahnhof
82%
Dortmund Hauptbahnhof
82%
Düsseldorf Flughafen
82%
Düsseldorf Hauptbahnhof
82%
Ennepetal (Gevelsberg)
82%
Essen Hauptbahnhof
82%
Hagen Hauptbahnhof
82%
Wuppertal-Hahnenfürth/Düssel
82%
Wuppertal Hauptbahnhof
82%
Duisburg Hauptbahnhof
73%
Düsseldorf-Hamm
73%
Essen-Kupferdreh
73%
Essen West
73%
Gelsenkirchen Hauptbahnhof
73%
Hagen-Vorhalle
73%
Herne
73%
Kleve
73%
Krefeld Hauptbahnhof
73%
Marl-Hamm
73%
Mönchengladbach Hauptbahnhof
73%
Mönchengladbach-Rheydt Hauptbahnhof
73%
Neuss Hauptbahnhof
73%
Oberhausen Hauptbahnhof
73%
Recklinghausen Hauptbahnhof
73%
Remscheid Hauptbahnhof
73%
Solingen Hauptbahnhof
73%
Wesel
73%
Wuppertal-Barmen
73%
Wuppertal-Oberbarmen
73%
Bochum-Wattenscheid
64%
Bottrop Hauptbahnhof
64%
Dormagen
64%
Dortmund-Lütgendortmund
64%
Düsseldorf-Benrath
64%
Düsseldorf-Bilk
64%
Düsseldorf-Derendorf
64%
Düsseldorf-Gerresheim
64%
Essen-Altenessen
64%
Essen-Werden
64%
Herne-Wanne-Eickel Hauptbahnhof
64%
Hilden
64%
Krefeld-Uerdingen
64%
Mettmann Stadtwald
64%
Mülheim (Ruhr) Hauptbahnhof
64%
Mülheim-Styrum
64%
Mülheim West
64%
Velbert-Langenberg
64%
Velbert-Rosenhügel
64%
Viersen
64%
Wetter (Ruhr)
64%
Witten Hauptbahnhof
64%
Wuppertal-Langerfeld
64%
Wuppertal-Sonnborn
64%
Wuppertal-Unterbarmen
64%
Wuppertal-Vohwinkel
64%
Wuppertal Zoologischer Garten
64%
Bochum-Dahlhausen
55%
Bochum-Ehrenfeld
55%
Bochum-Langendreer
55%
Bochum-Langendreer West
55%
Bochum-Riemke
55%
Bochum-Wattenscheid-Höntrop
55%
Castrop-Rauxel Hauptbahnhof
55%
Dinslaken
55%
Dorsten
55%
Dortmund-Dorstfeld
55%
Dortmund-Scharnhorst
55%
Dortmund Signal Iduna Park
55%
Duisburg-Schlenk
55%
Düsseldorf-Flingern
55%
Düsseldorf-Oberbilk
55%
Düsseldorf-Rath
55%
Düsseldorf-Unterrath
55%
Düsseldorf Wehrhahn
55%
Düsseldorf Zoo
55%
Essen-Dellwig
55%
Essen-Dellwig Ost
55%
Essen-Eiberg
55%
Essen-Kray Nord
55%
Essen-Steele
55%
Essen-Steele Ost
55%
Essen Süd
55%
Essen-Überruhr
55%
Gelsenkirchen-Rotthausen
55%
Gelsenkirchen Zoo
55%
Grevenbroich
55%
Haltern am See
55%
Hattingen (Ruhr)
55%
Hattingen (Ruhr) Mitte
55%
Hilden Süd
55%
Kaarster See
55%
Langenfeld (Rheinl.)
55%
Meerbusch-Osterath
55%
Neuss Am Kaiser
55%
Oberhausen-Sterkrade
55%
Recklinghausen Süd
55%
Schwelm
55%
Schwelm West
55%
Solingen Vogelpark
55%
Velbert-Neviges
55%
Wülfrath-Aprath
55%
Wuppertal-Ronsdorf
55%
Bochum-Hamme
45%
Bochum West
45%
Bottrop-Boy
45%
Castrop-Rauxel Süd
45%
Dormagen Chempark
45%
Dortmund-Barop
45%
Dortmund-Dorstfeld Süd
45%
Dortmund-Germania
45%
Dortmund-Hörde
45%
Dortmund-Huckarde
45%
Dortmund-Kley
45%
Dortmund-Marten
45%
Dortmund-Marten Süd
45%
Dortmund-Mengede
45%
Dortmund Möllerbrücke
45%
Dortmund-Nette/Oestrich
45%
Dortmund-Oespel
45%
Dortmund-Somborn
45%
Dortmund Universität
45%
Dortmund West
45%
Duisburg-Rheinhausen
45%
Düsseldorf-Eller
45%
Düsseldorf-Eller Mitte
45%
Düsseldorf-Eller Süd
45%
Düsseldorf Flughafen Terminal
45%
Düsseldorf-Friedrichstadt
45%
Düsseldorf Völklinger Straße
45%
Düsseldorf Volksgarten
45%
Emmerich
45%
Erkrath
45%
Erkrath Nord
45%
Essen-Borbeck
45%
Essen-Borbeck Süd
45%
Essen-Frohnhausen
45%
Essen-Holthausen
45%
Essen-Horst
45%
Essen-Hügel
45%
Essen-Kettwig
45%
Essen-Kettwig Stausee
45%
Essen Stadtwald
45%
Gelsenkirchen-Buer Nord
45%
Gelsenkirchen-Hassel
45%
Gevelsberg Hauptbahnhof
45%
Gevelsberg West
45%
Gladbeck West
45%
Haan
45%
Hagen-Dahl
45%
Herne-Börnig
45%
Herten (Westf.)
45%
Kempen (Niederrhein)
45%
Krefeld-Hohenbudberg Chempark
45%
Lembeck
45%
Marl Mitte
45%
Neuss Süd
45%
Ratingen Ost
45%
Remscheid-Lennep
45%
Remscheid-Lüttringhausen
45%
Solingen Mitte
45%
Velbert-Nierenhof
45%
Voerde (Niederrhein)
45%
Witten-Annen Nord
45%
Xanten
45%
Dortmund-Aplerbeck
36%
Dortmund Knappschaftskrankenhaus
36%
Dortmund-Kurl
36%
Dortmund-Wickede
36%
Duisburg-Rheinhausen Ost
36%
Düsseldorf-Rath Mitte
36%
Essen-Kray Süd
36%
Gelsenkirchen-Buer Süd
36%
Gevelsberg-Knapp
36%
Gladbeck Ost
36%
Goch
36%
Herdecke
36%
Kaarster Bahnhof
36%
Marl-Sinsen
36%
Moers
36%
Alpen
27%
Anrath
27%
Dortmund-Brackel
27%
Dortmund-Körne
27%
Dortmund-Körne West
27%
Duisburg-Meiderich Süd
27%
Essen-Bergeborbeck
27%
Essen Zollverein Nord
27%
Geldern
27%
Hamminkeln
27%
Oberhausen-Holten
27%
Weeze
27%
Aldekerk
18%
Boisheim
18%
Breyell
18%
Dortmund-Aplerbeck Süd
18%
Dortmund-Bövinghausen
18%
Dortmund-Löttringhausen
18%
Duisburg-Rahm
18%
Duisburg-Ruhrort
18%
Dülken
18%
Düsseldorf-Angermund
18%
Friedrichsfeld (Niederrhein)
18%
Gevelsberg-Kipp
18%
Haan-Gruiten
18%
Hochneukirch
18%
IKEA Kaarst
18%
Jüchen
18%
Kaldenkirchen
18%
Kapellen-Wevelinghoven
18%
Kevelaer
18%
Krefeld-Forsthaus
18%
Krefeld-Oppum
18%
Mönchengladbach-Rheydt-Odenkirchen
18%
Neuss Rheinparkcenter
18%
Rheinberg (Rheinl.)
18%
Rommerskirchen
18%
Wuppertal-Steinbeck
18%
Bedburg-Hau
9%
Bottrop-Feldhausen
9%
Bottrop-Vonderort
9%
Büttgen
9%
Castrop-Rauxel-Merklinde
9%
Deuten
9%
Dortmund-Asseln Mitte
9%
Dortmund-Derne
9%
Dortmund-Huckarde Nord
9%
Dortmund-Kirchderne
9%
Dortmund-Kirchhörde
9%
Dortmund-Kruckel
9%
Dortmund-Lütgendortmund Nord
9%
Dortmund-Rahm
9%
Dortmund-Sölde
9%
Dortmund Stadthaus
9%
Dortmund Tierpark
9%
Dortmund-Westerfilde
9%
Dortmund-Wickede West
9%
Dortmund-Wischlingen
9%
Duisburg-Buchholz
9%
Duisburg-Großenbaum
9%
Duisburg-Hochfeld Süd
9%
Duisburg-Meiderich Ost
9%
Duisburg-Obermeiderich
9%
Duisburg-Rumeln
9%
Duisburg-Trompet
9%
Düsseldorf-Garath
9%
Düsseldorf-Hellerhof
9%
Düsseldorf-Reisholz
9%
Emmerich-Elten
9%
Empel-Rees
9%
Essen-Gerschede
9%
Frimmersdorf
9%
Gladbeck-Zweckel
9%
Gustorf
9%
Hagen-Heubing
9%
Hagen-Hohenlimburg
9%
Hagen-Oberhagen
9%
Hagen-Rummenohl
9%
Hagen-Wehringhausen
9%
Hagen-Westerbauer
9%
Haldern (Rheinl.)
9%
Hamminkeln-Dingden
9%
Hervest-Dorsten
9%
Hochdahl
9%
Hochdahl-Millrath
9%
Hösel
9%
Kaarst Mitte/Holzbüttgen
9%
Kleinenbroich
9%
Korschenbroich
9%
Krefeld-Linn
9%
Langenfeld-Berghausen
9%
Mehrhoog
9%
Mettmann Zentrum
9%
Millingen (b. Rees)
9%
Millingen (b. Rheinberg)
9%
Mönchengladbach-Genhausen
9%
Mönchengladbach-Herrath
9%
Mönchengladbach-Lürrip
9%
Mönchengladbach-Rheindahlen
9%
Mönchengladbach-Wickrath
9%
Neanderthal
9%
Neuss-Allerheiligen
9%
Neuss-Holzheim
9%
Neuss-Norf
9%
Nieukerk
9%
Nievenheim
9%
Oberhausen-Osterfeld Süd
9%
Praest
9%
Remscheid-Güldenwerth
9%
Rhade
9%
Solingen Grünewald
9%
Solingen-Schaberg
9%
Sythen
9%
Wesel-Blumenkamp
9%
Wesel Feldmark
9%
Wittbräucke
9%
Wulfen (Westf.)
9%

Verteilung der Resultate

Perzentil nach korrekt beantworteten Fragen

Anzahl Personen mit jedem Resultat

Ihre Resultats-Entwicklung

Sie haben dieses Quiz noch nicht gespielt